000 00318nam a2200109Ia 4500
008 201216s9999 xx 000 0 und d
100 _aRuffner, Robert H.
245 0 _aHandbook of publicity & public relations for the non-profit organization
260 _aEnglewood Cliffs
_bPrentice Hall
300 _a247
942 _cBK
999 _c6528
_d6528